| 000 | 00655nam a22001937a 4500 | ||
|---|---|---|---|
| 999 |
_c172059 _d172059 |
||
| 005 | 20200127114053.0 | ||
| 010 | _aA-688137 | ||
| 020 | _c45.00 | ||
| 035 | _aA-688137 | ||
| 037 | _bBPPD/Pub. | ||
| 082 | _a843.08 | ||
| 100 | _aفہمیدہ کبیر | ||
| 245 |
_aاردو ناول میں عورت کا تصور : نزیر احمد سے پریم چند تک / _cفہمیدہ کبیر |
||
| 246 |
_aUrdu Novel Mein Aurat Ka Tasawwar: Nazir Ahmed se Prem Chand Tak / _bby Fehmida Kabir |
||
| 260 |
_aNew Delhi _bMaktaba Jamia _c1992 ء |
||
| 270 |
_a- _b- _e- |
||
| 300 |
_a147p. _c22cm(Hb) |
||
| 942 |
_2ddc _cUR _h843.08 _mف ہ م |
||